000 00769nam a2200265 i 4500
001 000044345
003 DO-SdBNP
005 20250903120139.0
007 ta
008 140620s1981 dr a 000 0 spa d
040 _aDO-SdBNP
_bspa
_cBNPHU
_erda
041 _asp
082 _axxxx
_bG463f
_222
100 1 _aGil, Freddy
_eautor
_972350
245 1 0 _aFísica general :
_b6to. curso de la educación media /
_cFreddy Gil, Antonio Monzó.
264 _aSanto Domingo :
_bDisesa,
_c1981.
300 _a280 páginas :
_bilustraciones
336 _ardacontent
_btexto
_2txt
337 _ardamedia
_bsin mediación
_2n
338 _ardacarrier
_bvolumen
_2nc
590 _aInventariado, 2025/DG
700 1 2 _aMonzó, Antonio
_950161
910 _aDG
942 _2ddc
_cLBS1
999 _c43834
_d43834